00481nam a2200181Ia 450000500170000000800410001702000150005804000190007304100120009208200130010410000170011724500680013426000280020230000170023050400300024765000120027785000100028920241129125056.0131103s9999 xx 000 0 und d a9620302087 aLoreto College aEnglish a900bMOR aMorales, A C aEast meets westb the modern history of east Asia cA C Morales aLondonbMacmillanc1978 a236p.b pic. aIncludes glossary & index aHistory aLCBED